Estructura y función en la sociedad primitiva / (Record no. 123389)

MARC details
000 -LEADER
campo de control de longitud fija 00721nam a2200217 4500
001 - NÚMERO DE CONTROL
campo de control 123389
003 - IDENTIFICADOR DE NÚMERO DE CONTROL
campo de control ES-MaACL
005 - FECHA Y HORA DE LA ÚLTIMA TRANSACCIÓN
campo de control 20250905133305.0
007 - CAMPO FIJO DE DESCRIPCIÓN FÍSICA--INFORMACIÓN GENERAL
campo de control de longitud fija t|
008 - DATOS DE LONGITUD FIJA--INFORMACIÓN GENERAL
campo de control de longitud fija 070214s1972 sp r ||||1| spa d
100 1# - ENTRADA PRINCIPAL--NOMBRE DE PERSONA
Nombre de persona Radcliffe-Brown, A. R.
9 (RLIN) 94909
245 10 - MENCIÓN DEL TÍTULO
Título Estructura y función en la sociedad primitiva /
Mención de responsabilidad, etc. A. R. Radcliffe-Brown ; prólogo de E. E. Evans-Pritchard y Fred Eggar ; traducción de Angela Pérez.
250 ## - MENCION DE EDICION
Mención de edición 1ª ed.
260 ## - PUBLICACIÓN, DISTRIBUCIÓN, ETC.
Lugar de publicación, distribución, etc. Barcelona :
Nombre del editor, distribuidor, etc. Península,
Fecha de publicación, distribución, etc. 1972.
300 ## - DESCRIPCIÓN FÍSICA
Extensión 249 p. ;
Dimensiones 21 cm.
700 1# - ENTRADA AGREGADA--NOMBRE PERSONAL
Nombre de persona Evans-Pritchard, E. E.
9 (RLIN) 48377
700 1# - ENTRADA AGREGADA--NOMBRE PERSONAL
Nombre de persona Eggar, Fred.
9 (RLIN) 46719
700 1# - ENTRADA AGREGADA--NOMBRE PERSONAL
Nombre de persona Pérez Gómez, Ángela
9 (RLIN) 90555
852 ## - LOCALIZACIÓN
Ubicación ES-MaACL
Número de control de estantería C-43533
Sublocalización o colección R.82391
Holdings
Estatus retirado Estado de pérdida Estado de daño No para préstamo Biblioteca de origen Biblioteca actual Ubicación en estantería Fecha de adquisición Fuente de adquisición Total de préstamos Signatura topográfica completa Código de barras Visto por última vez Precio de reemplazo Tipo de ítem Koha
        Biblioteca del Ateneo de Madrid Biblioteca del Ateneo de Madrid Depósito 2 17/01/2008     C-43533 1128562 23/02/2023 23/02/2023 Libro impreso